Statistics for Biggest Trading Partners - Pakistan

Click here to take the quiz!

General Stats

  • This quiz has been taken 132 times
  • The average score is 15 of 20

Answer Stats

Imports Answer % Correct
1.59 bilChina
97%
13.68 bilChina
97%
1.64 bilIndia
94%
3.43 bilUnited States of America
89%
2.01 bilUnited States of America
89%
1.56 bilUnited Kingdom
82%
1.84 bilSaudi Arabia
82%
1.96 bilJapan
82%
6.20 bilUnited Arab Emirates
79%
0.78 bilUnited Arab Emirates
79%
1.19 bilGermany
77%
1.00 bilGermany
77%
1.37 bilAfghanistan
76%
0.66 bilBangladesh
64%
2.09 bilIndonesia
60%
0.94 bilMalaysia
57%
0.67 bilItaly
53%
1.27 bilKuwait
52%
0.84 bilSpain
46%
0.65 bilNetherlands
40%

Score Distribution

Percentile by Number Answered

Percent of People with Each Score

Your Score History

You have not taken this quiz